[Event "Tanta Academy Classic"]
[Site "Tanta"]
[Date "2021.11.11"]
[Round "5"]
[White "Sakr, Hesham"]
[Black "Samy Dawod, Magdy"]
[Result "1-0"]
[WhiteElo "2027"]
[BlackElo "1631"]
[PlyCount "105"]
[EventDate "2021.11.07"]
[EventType "tourn"]
[EventRounds "5"]
[EventCountry "EGY"]
[SourceTitle "CBM 205 Extra"]
[Source "ChessBase"]
[SourceDate "2022.01.31"]
[SourceVersion "1"]
[SourceVersionDate "2022.01.31"]
[SourceQuality "1"]

1. e4 c6 2. d4 d5 3. e5 Bf5 4. Nc3 e6 5. g4 Bg6 6. Nge2 Bb4 7. h4 Be4 8. Rh3 h5 9. g5 Ne7 10. a3 Bxc3+ 11. Nxc3 Bf5 12. Rh1 Qb6 13. Qd2 Nd7 14. b4 a5 15. Na4 Qa7 16. b5 c5 17. b6 Qb8 18. f4 cxd4 19. Bb5 Qc8 20. Qxd4 Qxc2 21. Nc5 Nc6 22. Bxc6 bxc6 23. Nxd7 Kxd7 24. Be3 Qe4 25. Rh2 Qxd4 26. Bxd4 Rab8 27. Rb2 Rhc8 28. Bc5 Rb7 29. a4 g6 30. Kd2 Rd8 31. Kc3 Ke8 32. Ra3 Kd7 33. Kd4 Kc8 34. Rab3 Kd7 35. Bd6 Rc8 36. Rc3 Ke8 37. Rc5 Kd7 38. Rxa5 c5+ 39. Rxc5 Rxc5 40. Bxc5 Kc6 41. a5 Bd3 42. Kxd3 Kxc5 43. Rc2+ Kb5 44. Rc7 Rb8 45. Ra7 Kc6 46. Kd4 Kb5 47. b7 Kc6 48. a6 Kc7 49. Kc5 d4 50. Ra8 d3 51. Rxb8 Kxb8 52. Kb6 d2 53. a7# 1-0